Diskrétna matematika (grafy, digrafy a kombinatorika) 1

Bibliographic Details
Main Author: Gliviak, Ferdinand, 1942- (Author)
Format: Book
Language:Slovak
PhysicalDescription:90 s. sch. 30 cm
Published: Bratislava Veda 1999
ISBN:8022405604
Subjects:

MARC

LEADER 00000nam a2200000 a 4500
001 vtls001367282
003 SK-MaSNL
005 20260301161040.0
008 240509s1999 xo a r y slo
015 |a SNBA1999/10-03824 
020 |a 8022405604 
035 |a SNK000320971 
035 |a urn:nbn:sk:snk-amtk6u 
035 |a urn:nbn:sk:snk-am00c6sg 
035 |a C7537D2D-0117-488B-99F2-44705B68B869 
040 |a SNK  |b slo  |c SNK  |e AACR2 
041 0 |a slo 
044 |a xo  |c SK 
080 |a 519.1(075.8)  |2 1981 
100 1 |a Gliviak, Ferdinand,  |d 1942-  |4 aut  |9 109969 
245 1 |a Diskrétna matematika  |b (grafy, digrafy a kombinatorika)  |n 1  |c Ferdinand Gliviak 
260 |a Bratislava  |b Veda  |c 1999 
300 |a 90 s.  |b sch.  |c 30 cm 
500 |a 150 výt. 
504 |a Bibliogr. s. 89-90 
650 0 7 |a diskrétna matematika  |2 SNK  |9 82652 
655 7 |a Textbooks (higher)  |2 SNKPHeng  |9 276436 
655 7 |a učebnice vysokých škôl  |2 SNKPH  |9 70191 
919 |a 80-224-0560-4 
958 |a TL 
958 |a NB 
958 |a UV 
999 |c 807894  |d 809824 
952 |t P60, <03>, [BOOK], {603}  |a SNK  |b SNK  |y PREZ  |7 0  |p 17A0200254  |o snkSB 60678/1  |i snkKSP 7533/99  |0 0  |1 0  |4 0  |d 1999-07-12  |f 1  |l 0  |r 2025-04-11 00:00:00  |w 2026-02-24 
952 |t P60, <04>, [BOOK], {604}  |a SNK  |b SNK  |y VYP  |7 0  |p 17A0200255  |o snkSB 60678/1 D1  |i snkKSP 7534/99  |0 0  |1 0  |4 0  |d 1999-07-12  |l 0  |r 2005-01-02 00:00:00  |w 2026-02-24